ბათუმის შოთა რუსთაველის სახელმწიფო უნივერსიტეტის ბიბლიოთეკა

Православная Церковь в Абхазии: Прошлое, настоящее, будущее : (ბიბ.ჩანაწერი № 62733)

000 -LEADER
fixed length control field 00869nam a22001817a 4500
005 - DATE AND TIME OF LATEST TRANSACTION
control field 20250203170014.0
008 - FIXED-LENGTH DATA ELEMENTS--GENERAL INFORMATION
fixed length control field 250203s2012 ru ||||| |||| 00| 0 rus d
020 ## - INTERNATIONAL STANDARD BOOK NUMBER
International Standard Book Number 9785916910223
041 ## - LANGUAGE CODE
Language code of text/sound track or separate title rus
080 ## - UNIVERSAL DECIMAL CLASSIFICATION NUMBER
Universal Decimal Classification number 271.22(479.224) Д-69
100 ## - MAIN ENTRY--PERSONAL NAME
Personal name Дорофей (Дбар), архимандрит
9 (RLIN) 24226
245 ## - TITLE STATEMENT
Title Православная Церковь в Абхазии: Прошлое, настоящее, будущее :
Remainder of title (Статьи, сообщения, размышления и интервью). ТОМ І /
Statement of responsibility, etc. Архимандрит Дорофей (Дбар).
264 ## - PRODUCTION, PUBLICATION, DISTRIBUTION, MANUFACTURE, AND COPYRIGHT NOTICE
Place of production, publication, distribution, manufacture Новый Афон :
Name of producer, publisher, distributor, manufacturer Изд. Священной Митрополии Абхазии,
Date of production, publication, distribution, manufacture, or copyright notice 2014.
300 ## - PHYSICAL DESCRIPTION
Extent 560 стр.:
Other physical details ил.;
Dimensions 23 см.
653 ## - INDEX TERM--UNCONTROLLED
keyword რელიგია
653 ## - INDEX TERM--UNCONTROLLED
keyword მართმლადიდებლობა
942 ## - ADDED ENTRY ELEMENTS (KOHA)
Source of classification or shelving scheme
Koha item type წიგნი
ეგზემპლარები
Withdrawn status Lost status Source of classification or shelving scheme Damaged status Not for loan Permanent Location Current Location Shelving location Date acquired Cost, normal purchase price Full call number Barcode Date last seen Copy number Price effective from Koha item type Public note
          ბათუმის შოთა რუსთაველის სახელმწიფო უნივერსიტეტის მთავარი ბიბლიოთეკა ბათუმის შოთა რუსთაველის სახელმწიფო უნივერსიტეტის მთავარი ბიბლიოთეკა წიგნსაცავი 2025-02-03 10.00 271.22(479.224) Д-69 70538 2025-02-03 70538 2025-02-03 წიგნი 10 ლ.